Online
Catalog
Normal view MARC view

Entry Nombre personal

Number of records used in: 1

001 - NÚMERO DE CONTROL

  • campo de control: 84401

003 - IDENTIFICADOR DEL NÚMERO DE CONTROL

  • campo de control: BNPHU

005 - FECHA Y HORA DE LA ÚLTIMA TRANSACCIÓN

  • campo de control: 20240305134619.0

008 - DATOS DE LONGITUD FIJA

  • campo de control de longitud fija: 231005|| aca||aabn | a|a d

010 ## - NÚMERO DE CONTROL DE LA BIBLIOTECA DEL CONGRESO

  • Número de control de LC: n 83026553

040 ## - FUENTE DE LA CATALOGACIÓN

  • Centro catalogador/agencia de origen: DO-SdBNP
  • Lengua de catalogación: spa
  • Centro/agencia transcriptor: BNPHU
  • Normas de descripción: rda

100 1# - ENCABEZAMIENTO-NOMBRE DE PERSONA

  • Nombre de persona: Carrera, Mario Alberto,
  • Fechas asociadas al nombre: 1945-

370 ## - LUGAR ASOCIADO

  • Lugar de nacimiento: Guatemala (Guatemala)

374 ## - OCUPACIÓN

  • Ocupación: Escritor
  • Ocupación: Periodista
  • Ocupación: Crítico de arte
  • Ocupación: Profesor universitario

375 ## - GÉNERO/SEXO

  • Género/Sexo: Masculino

377 ## - LENGUA/LENGUAJE ASOCIADO

  • Código del idioma: spa

400 1# - TRAZADO DE VÉASE--NOMBRE DE PERSONA

  • Nombre de persona: Carrera, M. Alberto,
  • Fechas asociadas al nombre: 1945-

670 ## - FUENTE DE DATOS ENCONTRADOS

  • Cita de la fuente: Work cat.: (DO-SdBNP)55093: ¿Cómo era Miguel Ángel Asturias?

670 ## - FUENTE DE DATOS ENCONTRADOS

  • Cita de la fuente: Carrera, Mario Alberto. Diorama en torno a la obra de Miguel Ángel Asturias. Guatemala : Editorial Cultura, 2017

Powered by Koha